| 000 | 00346nam a2200145Ia 4500 | ||
|---|---|---|---|
| 008 | 150201s2002 xx 000 0 und d | ||
| 082 |
_a617.632 _bC2002N |
||
| 100 | _aNEWMAN | ||
| 245 | _aCLINICAL PERIODONTOLOGY | ||
| 250 | _a8TH | ||
| 260 |
_bSAUNDERS _aPHILADELPHIA _c2002 |
||
| 300 | _a1-1305 | ||
| 650 | _aPERIODONTICS | ||
| 942 |
_2ddc _cBK _021 |
||
| 999 |
_c3186 _d3186 |
||